=LDR 00000nam 2200000 4500 =001 INLIS000000000057003 =005 20201116083228 =035 ##$$a 0010-1120000074 =007 ta =008 201116################g##########0#ind## =082 ##$$a 307 095 986 4 =084 ##$$a 307 095 986 4 DAM =245 ##$$a Dampak modernisasi terhadap hubungan kekerasan di Sulawesi Tenggara /$c Editor, Drs. Izarwisma Mardanas =250 ##$$a cet.1 =260 ##$$a Kendari :$b Depdikbud,$c 1987 =300 ##$$a v, 139 hal. ; $c 21x14 cm =700 #$$a Editor, Drs. Izarwisma Mardanas =600 #4$$a Modernisasi desa-Sulawesi Tenggara =990 ##$$a 06290629